|
|
|
|
| LEADER |
00000nas a2200000 a 4500 |
| 001 |
vtls012076690 |
| 003 |
SK-MaSNL |
| 005 |
20260228160541.0 |
| 008 |
211109c200u9999xo ar| 0 0slo |
| 015 |
|
|
|a SNBB2021-(r. 2009/2010)
|
| 020 |
|
|
|a 9788080945589 (brož. : r. 2009/2010)
|
| 040 |
|
|
|a SNK
|b slo
|c SNK
|e AACR2
|
| 041 |
0 |
|
|a slo
|
| 043 |
|
|
|a e-xo---
|
| 044 |
|
|
|a xo
|c SK
|
| 072 |
|
7 |
|a 378
|x Vysoké školy
|2 konspekt
|
| 080 |
|
|
|a (036)
|2 2011
|
| 080 |
|
|
|a 050
|2 2011
|
| 080 |
|
|
|a (073)
|2 2011
|
| 080 |
|
|
|a (058)
|2 2011
|
| 080 |
|
|
|a (437.6)
|2 2011
|
| 080 |
|
|
|a 37.093.5-029:1
|2 2011
|
| 080 |
|
|
|a 378.046.2
|2 2001
|
| 080 |
|
|
|a 378.046.3
|2 2001
|
| 110 |
2 |
|
|a Univerzita Konštantína Filozofa v Nitre.
|b Filozofická fakulta
|
| 245 |
1 |
0 |
|a Sprievodca štúdiom ...
|p Externé štúdium
|c Univerzita Konštantína Filozofa v Nitre, Filozofická fakulta
|
| 246 |
1 |
|
|i Názov v tiráži:
|a Sprievodca štúdiom FF UKF v Nitre pre externé štúdium na akademický rok ... (bakalárske a magisterské študijné programy)
|
| 246 |
1 |
0 |
|a Externé štúdium
|
| 260 |
|
|
|a Nitra
|b Univerzita Konštantína Filozofa, Filozofická fakulta
|
| 300 |
|
|
|a zv.
|c 21 cm
|
| 310 |
|
|
|a 1x ročne
|
| 500 |
|
|
|a Názov z obalu
|
| 500 |
|
|
|a Zodp. red.: Igor Lomnický
|
| 500 |
|
|
|a Popis podľa: 2009/2010
|
| 500 |
|
|
|a Súčasťou názvu je označenie akademického roku
|
| 650 |
0 |
7 |
|a štúdium a výučba
|2 SNKPH
|9 3982
|
| 650 |
0 |
7 |
|a filozofické fakulty
|2 SNKPH
|9 221054
|
| 650 |
0 |
7 |
|a Study and teaching
|2 SNKPHeng
|9 265408
|
| 650 |
0 |
7 |
|a Faculties of letters
|2 SNKPHeng
|9 266182
|
| 650 |
0 |
7 |
|a bakalárske štúdium
|2 SNKPH
|9 4045
|
| 650 |
0 |
7 |
|a Bachelor's degree
|2 SNKPHeng
|9 114602
|
| 650 |
0 |
7 |
|a magisterské štúdium
|2 SNKPH
|9 4046
|
| 651 |
|
7 |
|a Nitra (Slovensko)
|2 SNKPHgeo
|9 15714
|
| 651 |
|
7 |
|a Nitra (Slovakia)
|2 SNKPHeng
|9 265425
|
| 655 |
|
7 |
|a informačné publikácie
|2 SNKPH
|9 70181
|
| 655 |
|
7 |
|a študijné programy
|2 SNKPH
|9 265409
|
| 655 |
|
7 |
|a ročenky
|2 SNKPH
|9 57146
|
| 655 |
|
7 |
|a Information publications
|2 SNKPHeng
|9 265188
|
| 655 |
|
7 |
|a Educational programs
|2 SNKPHeng
|9 265410
|
| 655 |
|
7 |
|a Yearbooks
|2 SNKPHeng
|9 120938
|
| 700 |
1 |
|
|a Lomnický, Igor,
|d 1964-
|4 com
|9 247858
|
| 910 |
|
|
|a snk
|
| 919 |
|
|
|a 978-80-8094-558-9
|
| 999 |
|
|
|c 2941
|d 4871
|
| 952 |
|
|
|0 0
|1 0
|4 0
|7 0
|8 0
|a SNK
|b SNK
|d 2021-11-09
|i snk2021/17645
|l 0
|o snkČSC 4215/A/2009-2010
|p 17A1461350
|r 2026-02-21 19:29:07
|w 2026-02-21
|y PREZ
|
| 952 |
|
|
|0 0
|1 0
|4 0
|7 0
|8 0
|a SNK
|b SNK
|d 2021-11-09
|i snk2021/17646
|l 0
|o snkČSC 4215/A/2009-2010 D1
|p 17A1461351
|r 2026-02-21 19:29:07
|w 2026-02-21
|y PREZ
|